<?xml version="1.0" encoding="UTF-8"?><?xml-stylesheet type="text/xsl" href="static/style.xsl"?><OAI-PMH xmlns="http://www.openarchives.org/OAI/2.0/" xmlns:xsi="http://www.w3.org/2001/XMLSchema-instance" xsi:schemaLocation="http://www.openarchives.org/OAI/2.0/ http://www.openarchives.org/OAI/2.0/OAI-PMH.xsd"><responseDate>2026-04-29T17:03:09Z</responseDate><request verb="GetRecord" identifier="oai:repisalud.isciii.es:20.500.12105/12278" metadataPrefix="marc">https://repisalud.isciii.es/rest/oai/request</request><GetRecord><record><header><identifier>oai:repisalud.isciii.es:20.500.12105/12278</identifier><datestamp>2025-04-24T10:58:06Z</datestamp><setSpec>com_20.500.12105_2052</setSpec><setSpec>com_20.500.12105_2051</setSpec><setSpec>col_20.500.12105_19616</setSpec></header><metadata><record xmlns="http://www.loc.gov/MARC21/slim" xmlns:dcterms="http://purl.org/dc/terms/" xmlns:doc="http://www.lyncode.com/xoai" xmlns:xsi="http://www.w3.org/2001/XMLSchema-instance" xsi:schemaLocation="http://www.loc.gov/MARC21/slim http://www.loc.gov/standards/marcxml/schema/MARC21slim.xsd">
   <leader>00925njm 22002777a 4500</leader>
   <datafield ind2=" " ind1=" " tag="042">
      <subfield code="a">dc</subfield>
   </datafield>
   <datafield ind2=" " ind1=" " tag="720">
      <subfield code="a">Avellaneda Fernandez, Alfredo</subfield>
      <subfield code="e">author</subfield>
   </datafield>
   <datafield ind2=" " ind1=" " tag="720">
      <subfield code="a">Izquierdo Martinez, Maravillas</subfield>
      <subfield code="e">author</subfield>
   </datafield>
   <datafield ind2=" " ind1=" " tag="720">
      <subfield code="a">Luengo Gómez, Santiago</subfield>
      <subfield code="e">author</subfield>
   </datafield>
   <datafield ind2=" " ind1=" " tag="720">
      <subfield code="a">Arenas Martín, Javier</subfield>
      <subfield code="e">author</subfield>
   </datafield>
   <datafield ind2=" " ind1=" " tag="720">
      <subfield code="a">Ramon-Gimenez, Jose Ramon</subfield>
      <subfield code="e">author</subfield>
   </datafield>
   <datafield ind2=" " ind1=" " tag="260">
      <subfield code="c">2006-10-15</subfield>
   </datafield>
   <datafield ind2=" " ind1=" " tag="520">
      <subfield code="a">[ES] Introducción. El problema de las necesidades formativas en enfermedades raras (ER) para atención primaria (AP) se aborda a través de un estudio de investigación cualitativa que pretende contribuir a delimitar el interés e identificar las necesidades de formación en ER en el marco de la AP. Métodos. Mediante métodos naturalísticos de investigación (entrevistas en profundidad y dinámica de grupo), se pretenden conocer las connotaciones personales y profesionales en cuanto a las necesidades de formación en ER de los profesionales de AP en el área rural y urbana de la comunidad de Madrid. Los dominios explorados mediante guión estructurado son: problemática y definición de ER, experiencia profesional con ER, interés de AP hacia las ER, formación e información en ER, necesidades y demandas de AP hacia ER. Resultados. No se han encontrado diferencias entre los grupos rurales o urbanos ni entre los diferentes estamentos profesionales. El concepto de ER es poco conocido y se plantean dificultades para comprender la magnitud y la importancia global de estas enfermedades. Tampoco expresa la gravedad y las repercusiones que conllevan estas enfermedades. Las ER despiertan escaso interés profesional, en contraste con el interés humano. Conclusiones. Los profesionales entrevistados creen suficiente la formación de pregrado y desestiman la formación de posgrado, por innecesaria y poco factible. La búsqueda de información activa, a través de internet, es la mejor forma para obtener la información que optimice sus criterios de derivación y, en esa línea, el Sistema de Información de Enfermedades Raras en Español (SIERE) (http://iier.isciii.es/er), está en línea con sus demandas informativas. [EN] Objectives. The problem of the need for primary care (PC) training in rare diseases (RD) is approached through a qualitative research study that tries to define its relevance and to identify the need for RD training in PC. Methods. By means of naturalistic research methods (in-depth interviews and group dynamics), we tried to discover the personal and professional connotations of PC training in RD in the rural and urban areas of the Community of Madrid, Spain. The areas explored by means of structured interview were: challenges and RD definition; professional experience with RD; relevance of PC for RD; training and information in RD; needs and demands for RD in PC. Results. We found no differences between the rural and urban groups nor between different professional categories. The RD concept was relatively unknown and difficulties arose in understanding the magnitude and overall importance of these diseases. Nor did the RD concept express the severity or the repercussions of these diseases. RDs awoke little professional interest, in contrast with the human interest aroused. Conclusions. The professionals interviewed thought that undergraduate training was sufficient, and rejected postgraduate training as unnecessary and unfeasible. The search for active information through Internet was the best way to obtain data to optimize criteria for patient referral. As such, the Information System for Rare Diseases in Spanish (Sistema de Información de Enfermedades Raras en Español, SIERE) (http://iier.isciii.es/er) meets the demands for information.</subfield>
   </datafield>
   <datafield ind1="8" ind2=" " tag="024">
      <subfield code="a">Aten Primaria. 2006 Oct 15;38(6):345-8.</subfield>
   </datafield>
   <datafield ind1="8" ind2=" " tag="024">
      <subfield code="a">10.1157/13093372</subfield>
   </datafield>
   <datafield ind1="8" ind2=" " tag="024">
      <subfield code="a">0212-6567</subfield>
   </datafield>
   <datafield ind1="8" ind2=" " tag="024">
      <subfield code="a">Atencion primaria</subfield>
   </datafield>
   <datafield ind1="8" ind2=" " tag="024">
      <subfield code="a">17173799</subfield>
   </datafield>
   <datafield ind1="8" ind2=" " tag="024">
      <subfield code="a">http://hdl.handle.net/20.500.12105/12278</subfield>
   </datafield>
   <datafield tag="653" ind2=" " ind1=" ">
      <subfield code="a">Enfermedades raras</subfield>
   </datafield>
   <datafield tag="653" ind2=" " ind1=" ">
      <subfield code="a">Necesidades de Formación</subfield>
   </datafield>
   <datafield tag="653" ind2=" " ind1=" ">
      <subfield code="a">Atención primaria</subfield>
   </datafield>
   <datafield tag="653" ind2=" " ind1=" ">
      <subfield code="a">Metodología cualitativa</subfield>
   </datafield>
   <datafield tag="653" ind2=" " ind1=" ">
      <subfield code="a">Grupos de discusión</subfield>
   </datafield>
   <datafield tag="653" ind2=" " ind1=" ">
      <subfield code="a">Entrevistas en profundidad</subfield>
   </datafield>
   <datafield tag="653" ind2=" " ind1=" ">
      <subfield code="a">Rare diseases</subfield>
   </datafield>
   <datafield tag="653" ind2=" " ind1=" ">
      <subfield code="a">Training needs</subfield>
   </datafield>
   <datafield tag="653" ind2=" " ind1=" ">
      <subfield code="a">Primary care</subfield>
   </datafield>
   <datafield tag="653" ind2=" " ind1=" ">
      <subfield code="a">Qualitative methodology</subfield>
   </datafield>
   <datafield tag="653" ind2=" " ind1=" ">
      <subfield code="a">Discussion groups</subfield>
   </datafield>
   <datafield tag="653" ind2=" " ind1=" ">
      <subfield code="a">In-depth interviews</subfield>
   </datafield>
   <datafield ind2="0" ind1="0" tag="245">
      <subfield code="a">Necesidades de formación en enfermedades raras para atención primaria</subfield>
   </datafield>
</record></metadata></record></GetRecord></OAI-PMH>